Sports Quiz

Random Sports or NFL Quiz
Score 0/28 Timer 05:00
0 Plays Today
TEAM / YEAR PLAYER % Correct
PATRIOTS / 2012WES WELKER
96.3%
PATRIOTS / 2011WES WELKER
96.3%
PATRIOTS / 2009WES WELKER
96.3%
PATRIOTS / 2008WES WELKER
96.3%
PATRIOTS / 2007WES WELKER
96.3%
PATRIOTS / 2016JULIAN EDELMAN
95.6%
PATRIOTS / 2013JULIAN EDELMAN
95.6%
PACKERS / 2013JORDY NELSON
94.4%
PACKERS / 2016JORDY NELSON
94.4%
PACKERS / 2014JORDY NELSON
94.4%
PACKERS / 2011JORDY NELSON
94.4%
VIKINGS / 2018ADAM THIELEN
93.8%
VIKINGS / 2017ADAM THIELEN
93.8%
JETS / 2015ERIC DECKER
76.3%
TEAM / YEAR PLAYER % Correct
BRONCOS / 2013ERIC DECKER
76.3%
BRONCOS / 2012ERIC DECKER
76.3%
BRONCOS / 2000ED MCCAFFREY
61.3%
BRONCOS / 1999ED MCCAFFREY
61.3%
BRONCOS / 1998ED MCCAFFREY
61.3%
DOLPHINS / 2013BRIAN HARTLINE
56.9%
DOLPHINS / 2012BRIAN HARTLINE
56.9%
JETS / 1998WAYNE CHREBET
49.4%
COLTS / 2004BRANDON STOKLEY
46.3%
TITANS / 2004DREW BENNETT
30%
LIONS / 2006MIKE FURREY
25%
EAGLES / 2007KEVIN CURTIS
23.1%
PANTHERS / 1999PATRICK JEFFERS
9.4%
PACKERS / 1999BILL SCHROEDER
8.8%

You're not logged in!

Compare scores with friends on all Sporcle quizzes.
OR
Log In

Sporcle TV

Today on Sporcle TV


Watch our educational content, quiz creation guides, and fun videos on Sporcle TV.

Show Comments

Extras

Top Quizzes Today


Score Distribution

Paid Content

Your Account Isn't Verified!

In order to create a playlist on Sporcle, you need to verify the email address you used during registration. Go to your Sporcle Settings to finish the process.

Report this User

Report this user for behavior that violates our Community Guidelines.

Details: